[Event "NRW Class2 1011"]
[Site "Germany"]
[Date "2010.11.28"]
[Round "3.7"]
[White "Wicht, Juergen"]
[Black "Berndt, Joachim"]
[Result "1/2-1/2"]
[WhiteElo "2149"]
[BlackElo "2191"]
[PlyCount "37"]
[EventDate "2010.09.26"]
[EventType "team-tourn"]
[EventRounds "9"]
[EventCountry "GER"]
[SourceTitle "EXT 2012"]
[Source "ChessBase"]
[SourceDate "2011.11.24"]
[SourceVersion "1"]
[SourceVersionDate "2011.11.24"]
[SourceQuality "1"]
[WhiteTeam "Elberfeld"]
[BlackTeam "Herne Sodingen"]
[WhiteTeamCountry "GER"]
[BlackTeamCountry "GER"]

1. d4 f5 2. c4 Nf6 3. g3 e6 4. Nf3 Be7 5. Bg2 0-0 6. 0-0 d6 7. b3 Ne4 8. Nfd2 d5 9. Bb2 a5 10. e3 Na6 11. f3 Nxd2 12. Qxd2 Bd7 13. f4 Be8 14. Nc3 c6 15. c5 b6 16. cxb6 Qxb6 17. Na4 Qb7 18. Rfc1 Bb4 19. Bc3 1/2-1/2

[Event "Bayern-chI Bank Hofmann 13th"]
[Site "Bad Wiessee"]
[Date "2009.11.05"]
[Round "7"]
[White "Berndt, Joachim"]
[Black "Zude, Arno"]
[Result "1/2-1/2"]
[WhiteElo "2212"]
[BlackElo "2461"]
[PlyCount "90"]
[EventDate "2009.10.31"]
[EventType "swiss"]
[EventRounds "9"]
[EventCountry "GER"]
[SourceTitle "EXT 2010"]
[Source "ChessBase"]
[SourceDate "2010.11.25"]
[SourceVersion "1"]
[SourceVersionDate "2010.11.25"]
[SourceQuality "1"]

1. d4 Nf6 2. Nf3 e6 3. e3 c5 4. Bd3 d5 5. b3 Be7 6. 0-0 0-0 7. Bb2 b6 8. Nbd2 Bb7 9. Ne5 Nbd7 10. Qf3 cxd4 11. exd4 Nxe5 12. dxe5 Nd7 13. Qh3 g6 14. Rad1 Qc7 15. Rfe1 Rfd8 16. Nf3 a5 17. Nd4 Nc5 18. Nb5 Qd7 19. a4 Ba6 20. Bf1 Rac8 21. Nd6 Bxd6 22. exd6 Qxd6 23. Qh6 Qf8 24. Qh4 h5 25. Bxa6 Nxa6 26. Qf6 Kh7 27. g4 Rxc2 28. Bd4 Nc5 29. gxh5 g5 30. Qf3 Rc8 31. h6 Ne4 32. Rxe4 dxe4 33. Qxe4+ f5 34. Qxe6 Rc1 35. Rxc1 Rxc1+ 36. Kg2 Rc8 37. Bg7 Qc5 38. f3 g4 39. Be5 gxf3+ 40. Kh3 Qf8 41. Qd7+ Kxh6 42. Bf4+ Kg6 43. Qe6+ Kh5 44. Qd7 Kg6 45. Qe6+ Kh5 1/2-1/2

[Event "Oberliga NRW 0809"]
[Site "Germany"]
[Date "2009.04.26"]
[Round "9.7"]
[White "Riesenbeck, Juergen"]
[Black "Berndt, Joachim"]
[Result "0-1"]
[WhiteElo "2114"]
[BlackElo "2216"]
[PlyCount "52"]
[EventDate "2008.09.21"]
[EventType "team-tourn"]
[EventRounds "9"]
[EventCountry "GER"]
[SourceTitle "EXT 2010"]
[Source "ChessBase"]
[SourceDate "2010.11.25"]
[SourceVersion "1"]
[SourceVersionDate "2010.11.25"]
[SourceQuality "1"]
[WhiteTeam "Katernberg II"]
[BlackTeam "Wattenscheid II"]
[WhiteTeamCountry "GER"]
[BlackTeamCountry "GER"]

1. e4 d6 2. Nf3 Nf6 3. c3 Nbd7 4. Qc2 g6 5. Be2 Bg7 6. d3 c6 7. 0-0 0-0 8. Nbd2 d5 9. Re1 e5 10. b4 h6 11. Bf1 Nh5 12. d4 exd4 13. cxd4 dxe4 14. Nxe4 Nb6 15. b5 Bf5 16. bxc6 bxc6 17. Qxc6 Re8 18. Ba6 Re6 19. Qc2 Qd5 20. Bd3 Rae8 21. Ne5 Qxd4 22. Bb2 Qa4 23. g4 Qxc2 24. Bxc2 Bxe4 25. Rxe4 Nf6 26. Re3 Nfd5 0-1